000 00915nam a22002537i 4500
005 20210818182341.0
008 200116s2008 sp a br 000 j spa d
020 _a9788489825512
040 _aCOMFC
_bspa
_erda
041 _aspa
100 1 _955431
_aRoda Fábregas, Ignasi
_eaut
245 1 1 _a¡Ay, se me ha caído un diente!
_cIgnasi Roda Fábregas ; ilustraciones Sandra Aguilar Latorre
264 0 1 _aBarcelona
_bING edicions
_c2008
300 _a[26] páginas
_bprincipalmente ilustraciones en color
_c30 cm
336 _2rdacontent
_atxt
337 _2rdamedia
_an
338 _2rdacarrier
_anc
700 1 _953124
_aAguilar Latorre, Sandra
_eill
082 0 4 _a808.068
_bR685a
650 0 _926313
_aPerdida de Dientes
_vLiteratura Infantil
650 0 _910648
_aCuentos Infantiles
650 0 _921021
_aLibros Ilustrados Para Niños
942 _2ddc
_h808.068 R685a
_k808.068
_mR685a
999 _c15778
_d15778